000
00267 a2200121 4500
001
60233
082
_a
297.122 TAH
090
_c
36973
_d
36973
100
_a
Tahirul Qadri
245
_a
Irfan ul Quran
_h
Urdu
260
_a
Lahore
_b
Minhaj ul Quran
_c
2006
300
_a
1013
942
_a
CAE NUST
_k
81646
999
_c
295306
_d
295306